| 000 | 01135nam a2200301 4500 | ||
|---|---|---|---|
| 001 | 0000023030 | ||
| 003 | CO-CtgCURN | ||
| 005 | 20250329191024.0 | ||
| 007 | ta | ||
| 008 | 160627s2007 000 0 eng d | ||
| 020 | _a9587101584 | ||
| 040 |
_aCO-CtgCURN _bspa _ccoctgcurn |
||
| 082 | 0 |
_a364.36 _bR896p |
|
| 100 | 1 | _aRubio, Mauricio. | |
| 245 | 1 | 0 |
_aPandillas rumba y actividad sexual desmitificando la violencia juvenil / _cMauricio Rubio. |
| 260 |
_aBogotá : _bUniversidad del Externado de Colombia, _c2007. |
||
| 300 | _a214 p. | ||
| 336 | _2rdacontent | ||
| 337 |
_2rdamedia _asin mediacion _bn |
||
| 338 |
_2rdacarrier _avolumen _bnc |
||
| 490 | 1 |
_aEstudios de caso en polĂticas publicas ; _v12 |
|
| 504 | _aBibliografia (p. 201-209) | ||
| 505 | 8 | _aTestimonios juveniles e interpretaciones adultas.--De la casa a la calle y de vuelta.--Pandillas, parranda y actividad sexual adolescente.--Actividad sexual y violencia. Otros contextos | |
| 650 | 1 | 4 | _aDelincuencia juvenil. |
| 908 | _a160627 | ||
| 942 |
_cBK _h364.36 _iR896p _2ddc |
||
| 999 |
_c11412 _d11412 |
||